000 02404cam a22005054i 4500
003 PE-LiUPU
005 20250731173418.0
008 150706s r 000 0 d
020 _a9788482675749
035 _a(Sirsi) i9788482675749
040 _aPE-LiUPU
_bspa
_cPE-LiUPU
_erda
049 _aPRUA
082 0 4 _a262.009015
_bB21
_221
100 1 _aBanks, Robert,
_eautor.
245 1 3 _aLa idea de comunidad de Pablo :
_bel escenario cultural de las iglesias primitivas que se reunían en las casas /
_cRobert Banks.
264 1 _aBarcelona :
_bCLIE,
_c2011.
300 _a254 páginas ;
_c23 cm.
336 _atext
_2rdacontent
337 _aunmediated
_2rdamedia
338 _avolume
_2rdacarrier
490 0 _aEstudios bíblicosColección Teológica Contemporánea ;
_v30
504 _aIncluye bibliografía.
505 0 _aEl escenario social y religioso -- La llegada de una libertad radical -- La iglesia como reunión doméstica -- La iglesia como realidad celestial -- La comunidad como una familia amorosa -- La comunidad como un cuerpo funcional -- Elementos del crecimiento intelectual -- Expresiones físicas de comunión -- Dones y ministerio -- Carisma y orden -- Unidad en la diversidad entre los miembros -- La contribución de la mujer a la iglesia -- La participación y sus responsabilidades -- El servicio y su reconocimiento -- Pablo y sus colaboradores -- La misión y las iglesias -- La naturaleza de la autoridad de Pablo -- El ejercicio de la autoridad de Pablo.
526 _aSEG42
526 _aSEG41
526 _aSEG40
526 _aSEG39
526 _aP94
526 _aP87
526 _aP86
526 _aP85
526 _aP77
526 _aP76
526 _aP35
541 _g001-0000579;
630 _aBiblia.
_pN.T.
_pEpístolas de Pablo
_xTEOLOGIA.
650 0 4 _aCasa Iglesias
_zRoma.
650 0 4 _aIglesia
_xEnseñanza Bíblica.
910 _agl
_bjv
_clch
_d20120613
942 _2ddc
_cBOOK
949 _a262.009015 B21
_wDEWEY
_c1
_i64884
_lCCODEBUL1
_mBUL
_p19.00
_r0
_sY
_tBOOK
_u2015-7-6
_xTEOLOGIA
_PP35
_o.STAFF. Colección General
994 _aC0
_bPEPRU
596 _a1
999 _a262.009015 B21
_wDEWEY
_c53591
_i64884
_d53591
_f2021-11-10
_g5
_lCCODEBUL1
_mBUL
_p19.00
_q2
_r0
_sY
_tBOOK
_u2015-7-6
_xTEOLOGIA
_PP35
_o.STAFF. Colección General
980 _81
_gALBERTO SANCHEZ Responsable de Automatización